Railway Stations in Ireland - Statistics

General Stats
  • This quiz has been taken 223 times
    119 since last reset
  • The average score is 69 of 147
Answer Stats
Answer % Correct
Cork Kent
96%
Limerick Colbert
93%
Dublin Connolly
85%
Galway Ceannt
85%
Sligo Mac Diarmada
85%
Waterford Plunkett
85%
Wexford O'Hanrahan
83%
Dublin Heuston
80%
Mallow
80%
Dundalk Clarke
78%
Tralee Casement
78%
Ballina
76%
Bray Daly
76%
Greystones
76%
Westport
76%
Drogheda MacBride
72%
Athlone
70%
Cobh
70%
Kilkenny MacDonagh
70%
Rosslare Europort
67%
Ballybrophy
65%
Ennis
65%
Limerick Junction
65%
Portlaoise
65%
Tara Street
65%
Wicklow
65%
Howth
63%
Killarney
63%
Sallins & Naas
63%
Skerries
63%
Dublin Pearse
61%
Kildare
61%
Carlow
59%
Carrick-on-Shannon
59%
Malahide
59%
Maynooth
59%
Rush & Lusk
59%
Thurles
59%
Arklow
57%
Blackrock
57%
Dún Laoghaire Mallin
57%
Balbriggan
54%
Mullingar
54%
Newbridge
54%
Roscommon
54%
Tipperary
54%
Athenry
52%
Longford
52%
Portarlington
52%
Adamstown
50%
Clondalkin & Fonthill
50%
Gorey
50%
Hazelhatch & Celbridge
50%
Midleton
50%
Portmarnock
50%
Tullamore
50%
Clonmel
48%
Clontarf Road
48%
Grand Canal Dock
48%
Howth Junction & Donaghmede
48%
Oranmore
48%
Park West & Cherry Orchard
48%
Sydney Parade
48%
Castlebar
46%
Fota
46%
Lansdowne Road
46%
Sandymount
46%
Athy
43%
Broombridge
43%
Charleville
43%
Docklands
43%
Enniscorthy
43%
Farranfore
43%
Kishoge
43%
Leixlip Confey
43%
M3 Parkway
43%
Monasterevin
43%
Nenagh
43%
Rathmore
43%
Rosslare Strand
43%
Sixmilebridge
43%
Templemore
43%
Cahir
41%
Dalkey
41%
Donabate
41%
Drumcondra
41%
Kilcock
41%
Leixlip Louisa Bridge
41%
Sutton
41%
Bayside
39%
Booterstown
39%
Carrick on Suir
39%
Edgeworthstown
39%
Gort
39%
Laytown
39%
Little Island
39%
Clara
37%
Clonsilla
37%
Foxford
37%
Harmonstown
37%
Manulla Junction
37%
Raheny
37%
Shankill
37%
Thomastown
37%
Ashtown
35%
Ballinasloe
35%
Gormanston
35%
Killiney
35%
Muine Bheag
35%
Roscrea
35%
Seapoint
35%
Boyle
33%
Castleknock
33%
Claremorris
33%
Clongriffin
33%
Dunboyne
33%
Enfield
33%
Millstreet
33%
Salthill & Monkstown
33%
Sandycove & Glasthule
33%
Ballyhaunis
30%
Birdhill
30%
Coolmine
30%
Glounthaune
30%
Pelletstown
30%
Woodbrook
30%
Carrigtwohill
28%
Castleconnell
28%
Glenageary
28%
Kilbarrack
28%
Navan Road Parkway
28%
Rathdrum
28%
Woodlawn
28%
Banteer
26%
Castlerea
26%
Collooney
26%
Kilcoole
26%
Ardrahan
24%
Cloughjordan
24%
Craughwell
24%
Killester
24%
Attymon
22%
Dromod
22%
Hansfield
22%
Ballymote
20%
Rushbrooke
20%
Carrigaloe
17%
No matching quizzes found
Score Distribution
Percent of People with Each Score
Percentile by Number Answered
Your Score History
You have not taken this quiz since the last reset